Ultimate Ukrainian City Quiz - Statistics

General Stats
  • This quiz has been taken 26 times
    11 since last reset
  • The average score is 90 of 278
Answers on the Map
Answers color-coded by a green-red scale on the quiz's map according to % correct below.
 
Answer Stats
Population City % Correct
1,054 Chornobyl
100%
1,080,846 Dnipro
100%
2,611,327 Kyiv
100%
732,818 Lviv
100%
492,176 Mariupol
100%
1,029,049 Odessa
100%
293,141 Sumy
100%
227,755 Ternopil
100%
1,016,194 Donetsk
80%
238,196 Ivano-Frankivsk
80%
157,007 Kerch
80%
1,470,902 Kharkiv
80%
324,424 Kherson
80%
463,097 Luhansk
80%
514,136 Mykolayiv
80%
547,820 Sebastopol
80%
121,692 Berdyansk
60%
26,735 Berehove
60%
210,128 Bila Tserkva
60%
64,119 Boryspil
60%
109,806 Brovary
60%
295,414 Cherkasy
60%
304,994 Chernihiv
60%
267,060 Chernivtsi
60%
102,524 Kamyanets-Podilskyi
60%
274,452 Khmelnytskyi
60%
29,080 Khust
60%
181,025 Kramatorsk
60%
234,073 Kremenchuk
60%
709,014 Kryvyi Rih
60%
217,315 Lutsk
60%
160,657 Melitopol
60%
85,796 Mukacheve
60%
44,834 Pokrov
60%
69,154 Pokrovsk
60%
317,998 Poltava
60%
64,861 Pryluky
60%
0 Prypyat
60%
15,601 Rakhiv
60%
249,912 Rivne
60%
343,644 Simferopol
60%
62,479 Stryi
60%
16,492 Sudak
60%
74,669 Theodosia
60%
36,275 Tokmak
60%
88,735 Uman
60%
117,317 Uzhhorod
60%
384,840 Vinnytsya
60%
81,654 Yalta
60%
817,882 Zaporizhzhya
60%
284,236 Zhytomyr
60%
119,193 Alchevsk
40%
9,018 Alupka
40%
31,440 Alushta
40%
23,869 Armyansk
40%
27,549 Bakhchysaray
40%
20,332 Bakhmach
40%
82,916 Bakhmut
40%
19,962 Balta
40%
3,078 Baturyn
40%
87,575 Berdychiv
40%
51,890 Bilhorod-Dnistrovskyi
40%
37,321 Bucha
40%
59,840 Chornomorsk
40%
29,662 Chortkiv
40%
36,789 Chuhuyiv
40%
79,119 Drohobych
40%
43,343 Dzhankoy
40%
56,242 Enerhodar
40%
108,248 Eupatoria
40%
51,976 Fastiv
40%
25,879 Haysyn
40%
21,793 Henichesk
40%
16,028 Hola Prystan
40%
51,740 Horishni Plavni
40%
292,250 Horlivka
40%
17,620 Ilovaysk
40%
65,167 Irpin
40%
84,815 Izmayil
40%
56,114 Izyum
40%
38,238 Kakhovka
40%
67,902 Kalush
40%
255,841 Kamyanske
40%
26,657 Kaniv
40%
11,216 Khotyn
40%
22,594 Kiliya
40%
61,989 Kolomyia
40%
92,657 Konotop
40%
66,669 Korosten
40%
95,111 Kostyantynivka
40%
69,032 Kovel
40%
254,103 Kropyvnytskyi
40%
32,449 Kupyansk
40%
64,627 Lozova
40%
52,572 Lubny
40%
115,229 Lysychansk
40%
389,589 Makiyivka
40%
49,592 Marhanets
40%
32,853 Mohyliv-Podilskyi
40%
42,886 Myrhorod
40%
54,787 Myrnohrad
40%
136,280 Nikopol
40%
76,625 Nizhyn
40%
52,137 Nova Kakhovka
40%
15,175 Novhorod-Siverskyi
40%
16,929 Ochakiv
40%
49,721 Okhtyrka
40%
17,955 Orikhiv
40%
14,801 Ostroh
40%
118,816 Pavlohrad
40%
70,170 Pervomaysk
40%
40,378 Pivdennoukrayinsk
40%
22,206 Polohy
40%
20,563 Pyatykhatky
40%
29,416 Saky
40%
72,439 Samar
40%
36,556 Sambir
40%
5,334 Shatsk
40%
13,770 Shchastya
40%
70,568 Sheptytskyi
40%
119,940 Siverskodonetsk
40%
19,641 Skadovsk
40%
124,829 Slovyansk
40%
69,681 Smila
40%
43,082 Sokolohirsk
40%
13,151 Soledar
40%
7,700 Sudzha
40%
32,302 Synelnykove
40%
10,974 Tatarbunary
40%
31,037 Truskavets
40%
24,647 Volnovakha
40%
38,964 Volodymyr
40%
20,695 Vovchansk
40%
17,440 Vuhledar
40%
31,023 Yany Kapu
40%
8,044 Yaremche
40%
14,054 Zbarazh
40%
15,853 Zhashkiv
40%
53,582 Zhovti Vody
40%
29,412 Znamyanka
40%
56,256 Zvyahel
40%
16,370 Artsyz
20%
37,210 Avdiyivka
20%
17,284 Bar
20%
12,998 Barvinkove
20%
13,146 Bashtanka
20%
2,478 Belz
20%
1,904 Berestechko
20%
22,670 Berestyn
20%
18,264 Berezhany
20%
13,336 Bershad
20%
15,455 Beryslav
20%
17,353 Bolhrad
20%
23,803 Brody
20%
16,612 Chasiv Yar
20%
11,960 Chyhyryn
20%
72,346 Chystyakove
20%
21,054 Dniprorudne
20%
35,638 Dobropillya
20%
72,531 Dovzhansk
20%
64,557 Druzhkivka
20%
24,187 Hadyach
20%
6,495 Halych
20%
16,126 Hayvoron
20%
35,768 Hlukhiv
20%
17,077 Hulyaypole
20%
9,515 Irshava
20%
18,444 Izyaslav
20%
90,152 Kadiyivka
20%
12,813 Kalmiuske
20%
64,175 Khartsyzk
20%
28,275 Khmilnyk
20%
8,649 Korets
20%
22,051 Kremenets
20%
21,479 Kurakhove
20%
22,783 Ladyzhyn
20%
28,172 Lyman
20%
28,113 Malyn
20%
25,108 Merefa
20%
22,522 Nadvirna
20%
36,844 Netishyn
20%
9,020 Novoaydar
20%
12,702 Novoazovsk
20%
10,729 Novodnistrovsk
20%
53,838 Novovolynsk
20%
33,419 Obukhiv
20%
93,357 Oleksandriya
20%
25,086 Oleshky
20%
10,896 Olevsk
20%
25,528 Otamanivka
20%
17,031 Ovruch
20%
31,634 Pereyaslav
20%
32,724 Pivdenne
20%
8,240 Pochayiv
20%
40,718 Podilsk
20%
25,951 Popasna
20%
17,354 Putyvl
20%
16,664 Pyryatyn
20%
15,326 Radomyshl
20%
20,481 Reni
20%
50,448 Romny
20%
53,725 Rovenky
20%
65,322 Rubizhne
20%
29,066 Sarny
20%
26,793 Selydove
20%
59,589 Shakhtarsk
20%
48,212 Shepetivka
20%
87,130 Shostka
20%
35,892 Slavuta
20%
24,952 Slavutych
20%
15,447 Snihurivka
20%
58,496 Snizhne
20%
21,693 Sokal
20%
22,371 Starobilsk
20%
35,206 Starokostyantyniv
20%
14,693 Storozhynets
20%
19,495 Svatove
20%
50,094 Svitlovodsk
20%
5,136 Svyatohirsk
20%
13,661 Terebovlya
20%
43,371 Toretsk
20%
23,208 Trostyanets
20%
42,246 Varash
20%
39,722 Vasylkiv
20%
42,634 Voznesensk
20%
33,109 Vyshhorod
20%
5,021 Vyzhnytsya
20%
23,659 Yahotyn
20%
37,552 Yasynuvata
20%
14,792 Zelenodolsk
20%
13,899 Zhovkva
20%
24,119 Zolochiv
20%
28,793 Zolotonosha
20%
63,698 Antratsyt
0%
32,408 Balakliya
0%
7,526 Blahovishchenske
0%
30,246 Debaltseve
0%
19,457 Dolynska
0%
8,127 Dykanka
0%
5,602 Eskhar
0%
8,000 Fontanka
0%
12,262 Haspra
0%
2,113 Hertsa
0%
12,902 Hlobyne
0%
35,199 Holubivka
0%
11,662 Hrebinka
0%
9,412 Hurzuf
0%
2,091 Izvaryne
0%
15,522 Kamyanka-Dniprovska
0%
14,753 Khorol
0%
94,875 Khrustalnyi
0%
12,076 Kobelyaky
0%
19,311 Korsun-Shevchenkivskyi
0%
26,635 Kozyatyn
0%
25,183 Krolevets
0%
28,948 Lebedyn
0%
12,389 Lokhvytsya
0%
18,883 Lutuhyne
0%
24,173 Lyubotyn
0%
13,132 Mala Vyska
0%
5,680 Milove
0%
14,070 Nova Odesa
0%
13,220 Novomyrhorod
0%
16,250 Novyi Buh
0%
29,665 Perevalsk
0%
29,140 Shakhtarske
0%
11,699 Shcholkine
0%
12,315 Snovsk
0%
7,380 Solone
0%
50,560 Sorokyne
0%
14,543 Stanytsya-Luhanska
0%
10,101 Staryi Krym
0%
29,226 Ternivka
0%
16,976 Verkhnodniprovsk
0%
42,983 Vyshneve
0%
103,997 Yenakiyeve
0%
10,577 Zinkiv
0%
17,836 Zolote
0%
No matching quizzes found
Score Distribution
Percent of People with Each Score
Percentile by Number Answered
Your Score History
You have not taken this quiz since the last reset